01098nam 22002891 4500001000800000005001700008008004100025035002100066906004500087010001700132040003700149050003600186082001500222100003500237245006800272260005000340300003000390490003500420504005400455505006800509650003900577650003600616700004100652952002700693991005500720099003300775216721319860626000000.0860626m19611962ilube b 000 0 eng c 9(DLC)a 63000211 a7bcbccorignewd1encipf19gy-gencatlg aa 63000211  aNotre Dame Univ. Libr.cDLCdDLC00aAC1b.G74 1959 vols. 6-7aPN52400a081 sa8091 aAdler, Mortimer Jerome,d1902-10aImaginative literature,cby Mortimer J. Adler and Seymour Cain. aChicago,bEncyclopedia Britannicac[c1961-62] a2 v.bmaps, plan.c21 cm.0 aThe Great ideas program ;v6-7 aBibliography: v. 1, p. 234-237; v. 2, p. 249-254.0 a1. From Homer to Shakespeare.--2. From Cervantes to Dostoevsky. 0aLiteraturexHistory and criticism. 0aLiteraturexStudy and teaching.1 aCain, Seymour,d1914-ejoint author. aForm AACR2 bc09 4/3/86 bc-GenCollhAC1i.G74 1959 vols. 6-7tCopy 1wBOOKS aadler-imaginative-1072276913